00456nam a2200181 a 4500001001300000003000900013005001700022008004100039020000900080082001800089100001800107245002800125260003200153300001000185500003500195650002600230700001800256nice12345678IN_TiNIC20260116014416.0140904s2010 kera grp 000 0 eng  ac6000a294.543bRAM4 aRamdas, Swami aGod-Experience (vol.Ii) aKerala bAnandashram c2010 a304p  aincludes index and biblioraphy aSpirituality-Hinduism1 aRamdas, Swami